000 00477nam a2200133 a 4500
008 120416s1987 xx |||||||||||||| || u
050 _aTD 174 Peo
100 _aWoodhouse, Tom
245 1 0 _aPeople and planet
_cedited by Tom Woodhouse
246 _athe right livelihood award speeches
260 _c1987
350 _a0.00
995 _D0.00
_FCBU-MAIN LIBRARY (Kitwe)
_H1
_I7.50
_UAVAILABLE
_ZMain Library Open Access Collection
999 _c53292
_d53292